Elementos de fisica experimental / (Record no. 164094)
[ view plain ]
| 000 -LEADER | |
|---|---|
| campo de control de longitud fija | 00828nam a22001935i 4500 |
| 001 - NÚMERO DE CONTROL | |
| campo de control | 164094 |
| 003 - IDENTIFICADOR DE NÚMERO DE CONTROL | |
| campo de control | ES-MaACL |
| 005 - FECHA Y HORA DE LA ÚLTIMA TRANSACCIÓN | |
| campo de control | 20250725062546.0 |
| 008 - DATOS DE LONGITUD FIJA--INFORMACIÓN GENERAL | |
| campo de control de longitud fija | 950206s1886 sp |||| | spa d |
| 040 ## - FUENTE DE CATALOGACIÓN | |
| Centro catalogador/agencia de origen | CLM |
| 100 1# - ENTRADA PRINCIPAL--NOMBRE DE PERSONA | |
| Nombre de persona | Rubio y Diaz, Vicente. |
| 9 (RLIN) | 222492 |
| 245 10 - MENCIÓN DEL TÍTULO | |
| Título | Elementos de fisica experimental / |
| Mención de responsabilidad, etc. | por Vicente Rubio y Diaz. |
| 250 ## - MENCION DE EDICION | |
| Mención de edición | 2" ed. |
| Resto de la mención de edición | aumentada con 10 grabados nuevos. |
| 260 ## - PUBLICACIÓN, DISTRIBUCIÓN, ETC. | |
| Lugar de publicación, distribución, etc. | Cadiz : |
| Nombre del editor, distribuidor, etc. | [s.n.], |
| Fecha de publicación, distribución, etc. | 1886 ( |
| Fabricante | Imprenta de la Revista Medica de don Federico Joly) |
| 300 ## - DESCRIPCIÓN FÍSICA | |
| Extensión | 540 p. : |
| Otras características físicas | il. ; |
| Dimensiones | 23 cm. |
| 650 07 - PUNTO DE ACCESO ADICIONAL DE MATERIA--TÉRMINO DE MATERIA | |
| Término de materia o nombre geográfico como elemento de entrada | Física |
| Fuente del encabezamiento o término | embne |
| 9 (RLIN) | 12877 |
| 852 ## - LOCALIZACIÓN | |
| Ubicación | ES-MaACL |
| Número de control de estantería | F-5523 |
| Nota libre | -- Enc. pasta española |
| -- | -- Dedic. ms. del autor a la Biblioteca del Ateneo de Madrid |
| Encuadernación | -- Edic.: El tit. consta: "Elementos de física esperimental [sic]" -- La paginación es: VII, [1], 540 p. : il. |
| Estatus retirado | Estado de pérdida | Estado de daño | No para préstamo | Colección | Biblioteca de origen | Biblioteca actual | Ubicación en estantería | Fecha de adquisición | Fuente de adquisición | Total de préstamos | Signatura topográfica completa | Código de barras | Visto por última vez | Precio de reemplazo | Tipo de ítem Koha |
|---|---|---|---|---|---|---|---|---|---|---|---|---|---|---|---|
| Libros del s. XIX | Biblioteca del Ateneo de Madrid | Biblioteca del Ateneo de Madrid | Depósito 2 | 17/01/2008 | F-5523 | 1171980 | 23/02/2023 | 23/02/2023 | Libro impreso antiguo |
